000 00930nas a2200277 4500
001 BR2013005374
003 BR-BrBNA
005 20231205122621.0
007 ta
008 230509b bl.|||p| |||| 00| 00por d
040 _aBR-BrBNA
_bpor
_cBiblioteca Nacional de Agricultura
041 _a(En)
072 _aP34; P36
100 1 _aPodgaiski, L.R.
100 1 _aQuadros, A.F.
100 1 _aAraujo, P.B.
100 1 _aRodrigues, G.G.
245 1 _aNeotropical woodlice (isopoda)colonizing leaf-litter of pineer plants in a coal residue disposal environment
650 _aBIOLOGIA DO SOLO
650 _aRECUPERAÇÃO DO SOLO
650 _aSERAPILHEIRA
773 0 _tRevista Brasileira de Ciência do Solo (Brazil)
_xISSN 0100-0683
_g(May-Jun 2011), v. 35(3) p. 743-750
_wBR2013005374
856 4 0 _uhttp://www.scielo.br/pdf/rbcs/v35n3/v35n3a10.pdf
909 _a202311
_bLúcia
_c55
_dLúcia Elande
942 _2AGRIS
_n0
_cANA
999 _c229600
_d229600